| 000 | 01007nam a2200301 a 4500 | ||
|---|---|---|---|
| 001 | 86292 | ||
| 003 | BD-RjUL | ||
| 005 | 20260401143650.0 | ||
| 008 | 260401r20242021ii a 001 0 eng | ||
| 020 | _a9789390219421 | ||
| 035 | _a(BD-RjUL)86292 | ||
| 040 |
_aDLC _cDLC _dMYG _dBD-RjUL _beng |
||
| 041 | _aeng | ||
| 082 | 0 | 0 |
_223 _a620.1123 _b BEM 2024 |
| 100 |
_aBeer, Ferdinand P. _q(Ferdinand Pierre), _d1915-2003. _917955 |
||
| 245 | 1 | 0 |
_aMechanics of materials / _cFerdinand P. Beer, E. Russell Johnston, John T. DeWolf, David F. Mazurek, Sanjeev Sanghi. |
| 250 | _a8th special indian edition | ||
| 260 |
_aChennai : _bMcGraw-Hill, _cc2021. |
||
| 300 |
_axiv, 831 p. : _bill. ; _c25 cm. |
||
| 500 | _aIncludes index. | ||
| 650 | 0 |
_aStrength of materials. _9195937 |
|
| 650 | 0 |
_aMechanics of materials _9195938 |
|
| 700 | 1 |
_aJohnston, E. Russell _917956 |
|
| 700 | 1 |
_aDeWolf, John T. _917957 |
|
| 700 | 1 |
_aMazurek, David F. _917958 |
|
| 700 | 1 |
_aSanghi, Sanjeev _917959 |
|
| 942 |
_2ddc _cBK |
||
| 999 |
_c86292 _d86292 |
||